[Event "ch-Frankfurt A"]
[White "Schweitzer, Stefan"]
[Black "Mayer, Rolf"]
[Site "Frankfurt"]
[Result "1/2-1/2"]
[Round "3.31"]
[WhiteElo "1833"]
[BlackElo "1743"]
[Date "2024.05.13"]
[PlyCount "300"]
[Time "18:30:00"]
[WhiteTeam "SF Frankfurt 1921"]
[BlackTeam "SC Flörsheim 1921"]

1. c4 e6 2. g3 d5 3. Bg2 Nf6 4. Nf3 Be7 5. O-O O-O 6. b3 c6 7. Bb2 Nbd7 8. e3 b6 
9. cxd5 exd5 10. d4 Ne4 11. Nbd2 Ndf6 12. Ne5 Bb7 13. Rc1 Nxd2 14. Qxd2 c5 15. dxc5 
bxc5 16. Rfd1 Qb6 17. Nd3 Ne4 18. Qe2 Ba6 19. Bxe4 dxe4 20. Qg4 Qg6 21. Qxg6 hxg6 
22. Nxc5 Bxc5 23. Rxc5 Be2 24. Rd7 Bf3 25. Rcc7 Rfd8 26. Kf1 Rxd7 27. Rxd7 Rc8 28. 
Ke1 Rc2 29. Rd2 Rc8 30. b4 Kf8 31. a4 Ke7 32. Ba3 Ke6 33. b5 Rc3 34. Rd6+ Kf5 35. 
Bb4 Rb3 36. Bc5 Rc3 37. Rd5+ Ke6 38. Rd6+ Kf5 39. Kd2 Rxc5 40. Ra6 Rc7 41. a5 Ke5 
42. b6 axb6 43. Rxb6 Ra7 44. a6 Bg4 45. Rb7 Rxa6 46. Rxf7 Rf6 47. Rxg7 Rxf2+ 48. 
Kc3 Rxh2 49. Rxg6 Kf5 50. Rg8 Bf3 51. Rf8+ Kg4 52. Rg8+ Kf5  1/2-1/2

[Event "ch-Frankfurt A"]
[White "Platt, Lukas"]
[Black "Bartsch, Marius, Dr."]
[Site "Frankfurt"]
[Result "1-0"]
[Round "3.32"]
[WhiteElo "1833"]
[BlackElo "1750"]
[Date "2024.05.13"]
[PlyCount "300"]
[Time "18:30:00"]
[WhiteTeam "SC Flörsheim 1921"]
[BlackTeam "Wiesbadener SV 1885"]

1. d4 g6 2. Nf3 Nf6 3. g3 Bg7 4. Bg2 O-O 5. O-O d6 6. c4 Nbd7 7. Nc3 Re8 8. e4 Rb8 
9. Qc2 c5 10. e5 dxe5 11. dxe5 Ng4 12. e6 fxe6 13. Bh3 Ndf6 14. Rd1 Qb6 15. Bg2 
Nd7 16. h3 Ngf6 17. Bf4 e5 18. Nxe5 Nxe5 19. Bxe5 Bf5 20. Qe2 Rbd8 21. Nd5 Nxd5 
22. cxd5 Bxe5 23. Qxe5 Qd6 24. f4 h5 25. Kh2 Rd7 26. Rd2 Red8 27. Bf3 Rc7 28. g4 
hxg4 29. hxg4 Qxe5 30. fxe5 Be6 31. Rad1 Bc8 32. d6 exd6 33. exd6 Rh7+ 34. Kg3 b6 
35. Bc6 Bb7 36. Bxb7 Rxb7 37. d7 Kg7 38. Kf4 b5 39. Kg5 c4 40. a3 a5 41. Rd6 Kf7 
42. Rxg6 Rdxd7 43. Rxd7+ Rxd7 44. Rb6 Rc7 45. Kh6 b4 46. axb4 axb4 47. Rxb4 Rc6+ 
48. Kh5 Rc5+ 49. g5 Kg7  1-0

[Event "ch-Frankfurt A"]
[White "Nabuuma, Rakhshanah"]
[Black "Wilczek, Jan-Philipp"]
[Site "Frankfurt"]
[Result "1-0"]
[Round "3.33"]
[WhiteElo "1680"]
[BlackElo "1455"]
[Date "2024.05.13"]
[PlyCount "300"]
[Time "18:30:00"]
[WhiteTeam "vereinslos"]
[BlackTeam "SAbt TuS Makkabi Ffm"]

1. d4 d5 2. Nf3 Bf5 3. Bf4 e6 4. e3 Nf6 5. Nbd2 a6 6. Bg3 Nc6 7. Ne5 Nxe5 8. dxe5 
Ne4 9. Bd3 Nxg3 10. hxg3 Bxd3 11. cxd3 Qd7 12. Qc2 Bb4 13. O-O-O Bxd2+ 14. Rxd2 
O-O 15. d4 h6 16. g4 Qe7 17. f4 Rac8 18. Kb1 c5 19. Qd3 c4 20. Qc2 c3 21. bxc3 Qa3 
22. Rd3 Rc6 23. c4 Qb4+ 24. Rb3 Qxc4 25. Qxc4 Rxc4 26. Rxb7 Rc3 27. Rb3 Rxb3+ 28. 
axb3 Rc8 29. Kb2 Kh7 30. Ra1 Ra8 31. Ra5 Kg6 32. Ka3 f5 33. exf6 gxf6 34. b4 Rc8 
35. Rxa6 Rc3+ 36. Ka4 Rxe3 37. b5 Re4 38. b6 Rxd4+ 39. Kb5 Rxf4 40. b7 Rf1 41. Ra4 
Rb1+ 42. Rb4 Rxb4+ 43. Kxb4 Kg5 44. b8Q Kxg4 45. Kc3 Kf5 46. Kd4 h5 47. g3 Kg6 48. 
Qe8+  1-0

[Event "ch-Frankfurt A"]
[White "Münstermann, Matthias"]
[Black "Grinberg, Igor"]
[Site "Frankfurt"]
[Result "1/2-1/2"]
[Round "3.34"]
[WhiteElo "1787"]
[BlackElo "1600"]
[Date "2024.05.13"]
[PlyCount "300"]
[Time "18:30:00"]
[WhiteTeam "SK Langen"]
[BlackTeam "SAbt TuS Makkabi Ffm"]

1. d4 d5 2. c4 c6 3. Nf3 Nf6 4. Nc3 dxc4 5. a4 Bf5 6. e3 e6 7. Bxc4 Be7 8. O-O O-O 
9. Bd3 Bg4 10. Bd2 Nbd7 11. Rb1 c5 12. Be2 Bf5 13. Rc1 Ne4 14. Nxe4 Bxe4 15. Bc3 
cxd4 16. Bxd4 Bf6 17. Bxf6 Nxf6  1/2-1/2

[Event "ch-Frankfurt A"]
[White "Lopez Fuertes, Victor"]
[Black "Shanmuganathan, Adhav"]
[Site "Frankfurt"]
[Result "1/2-1/2"]
[Round "3.35"]
[WhiteElo "1747"]
[BlackElo "1571"]
[Date "2024.05.13"]
[PlyCount "300"]
[Time "18:30:00"]
[WhiteTeam "SC 1910 Höchst"]
[BlackTeam "SV 1934 Ffm-Griesheim"]

1. e4 e5 2. Nf3 Nc6 3. d4 exd4 4. Nxd4 Bc5 5. Nxc6 Qf6 6. Qd2 Qxc6 7. Nc3 a6 8. Bd3 
Ne7 9. O-O O-O 10. Nd5 Nxd5 11. exd5 Qb6 12. a3 d6 13. c3 a5 14. Rb1 Qa7 15. b4 
axb4 16. cxb4 Bd4 17. Rd1 Re8 18. Kf1 h6 19. Bc2 Be5 20. Kg1 Bg4 21. Rf1 Bd4 22. 
Kh1 Re2 23. Qd3 Rae8 24. h3 Bh5 25. Qh7+ Kf8 26. Bd3 Bg6 27. Bxg6 fxg6 28. Qxg6 
Rxf2 29. Rxf2+ Bxf2 30. Bb2 Re7 31. Qh7 Bd4 32. Qh8+ Kf7 33. Rf1+ Kg6 34. Qf8 Re5 
35. Qf7+ Kh7 36. Bc1 Qa6 37. Bxh6 Kxh6 38. Qf4+ Kh7 39. Qh4+ Kg8 40. Qd8+ Kh7 41. 
Qh4+ Kg6 42. Qg4+ Kh6 43. Qh4+ Rh5 44. Qf4+  1/2-1/2

[Event "ch-Frankfurt A"]
[White "Manasek, Martin"]
[Black "Müller, Jens"]
[Site "Frankfurt"]
[Result "1/2-1/2"]
[Round "3.36"]
[WhiteElo "1677"]
[BlackElo "1688"]
[Date "2024.05.13"]
[PlyCount "300"]
[Time "18:30:00"]
[WhiteTeam "SC Flörsheim 1921"]
[BlackTeam "SV 1920 Hofheim"]

1. d4 d5 2. c4 e6 3. Nf3 Nf6 4. Nc3 Bb4 5. Bg5 h6 6. Bh4 g5 7. Bg3 Ne4 8. Rc1 Nd7 
9. e3 h5 10. cxd5 exd5 11. Bd3 h4 12. Bxc7 Qxc7 13. Bxe4 dxe4 14. Nxg5 Qc6 15. O-O 
Bxc3 16. Rxc3 Qg6 17. Nh3 Nb6 18. Nf4 Qg5 19. Rc5 Qg4 20. Re5+ Kd8 21. Qb3 Qg7 22. 
Qb4 Qf8 23. Qc3 Bd7 24. Qc2 Rc8 25. Qxe4 Rg8 26. Kh1 Qg7 27. Rg1 Nc4 28. Rh5 Nd2 
29. Qxb7 Bc6 30. Rd5+ Bxd5 31. Qxd5+ Ke8  1/2-1/2

[Event "ch-Frankfurt A"]
[White "Sadeghi, Behrang"]
[Black "Vollbracht, Henrik, Dr."]
[Site "Frankfurt"]
[Result "1-0"]
[Round "3.37"]
[WhiteElo "2228"]
[BlackElo "1693"]
[Date "2024.05.13"]
[PlyCount "300"]
[Time "18:30:00"]
[WhiteTeam "SK Bad Homburg 1927"]
[BlackTeam "Sabt Frankfurter TV 1860"]

1. e4 c6 2. d4 d5 3. f3 e6 4. Nc3 Bd6 5. e5 Be7 6. Be3 Nd7 7. Qd2 c5 8. f4 a6 9. 
Nf3 cxd4 10. Nxd4 Qc7 11. a3 Nb6 12. b3 Bc5 13. Bd3 Bxd4 14. Bxd4 Ne7 15. Ne2 Nc6 
16. Bf2 O-O 17. O-O Nd7 18. Qe3 Rd8 19. Bh4 Re8 20. Qh3 Nf8 21. Kh1 b6 22. Qg4 Ng6 
23. Bg3 Bb7 24. h4 Nce7 25. h5 Nh8 26. Nd4 h6 27. Bh4 Qc5 28. Rad1 Bc8 29. Bf6 g6 
30. b4 Qc7 31. Qh4 Kh7 32. Rf3 Nf5 33. Nxf5 gxf5 34. Rg3  1-0

[Event "ch-Frankfurt A"]
[White "Ackermann, Robert"]
[Black "Kluge, Joscha"]
[Site "Frankfurt"]
[Result "1-0"]
[Round "3.39"]
[WhiteElo "1812"]
[BlackElo "1704"]
[Date "2024.05.13"]
[PlyCount "300"]
[Time "18:30:00"]
[WhiteTeam "SC Bad Soden"]
[BlackTeam "SC Bergen-Enkheim 1922"]

1. c4 Nf6 2. g3 g6 3. Bg2 Bg7 4. Nc3 d6 5. d3 O-O 6. e3 c6 7. Nge2 e5 8. O-O Nbd7 
9. Rb1 Qc7 10. b4 Rb8 11. e4 Nb6 12. h3 Ne8 13. Be3 f5 14. c5 dxc5 15. Bxc5 Nd6 
16. Qd2 f4 17. gxf4 exf4 18. f3 a6 19. a4 Nd7 20. Bf2 Ne8 21. d4 Bh6 22. Rbc1 Qd8 
23. Qa2+ Kh8 24. e5 Qg5 25. Ne4 Qf5 26. a5 Rg8 27. N2c3 Bf8 28. Nc5 Nxc5 29. bxc5 
Be6 30. Qe2 Qh5 31. Kh2 Be7 32. Ne4 Ng7 33. Nf6 Qf5 34. Nxg8 Kxg8 35. Rh1 Kf7 36. 
Kg1 Ne8 37. h4 Nc7 38. Bh3 Qh5 39. Bxe6+ Kxe6 40. Qe4 Nd5 41. Kf1 h6 42. Ke2 Qf5 
43. Qxf5+ Kxf5 44. Kd3 Bd8 45. Be1 Be7 46. Rb1 Nc7 47. Rh2 Nb5 48. Rc1 Rd8 49. Bf2 
Rg8 50. Rhh1 Bd8 51. Ra1 Be7 52. Kc4 Ke6 53. Rhd1 Rd8 54. Rd3 Rd5 55. Rg1 Kf5 56. 
e6 Nc7 57. Re1 Kf6 58. Re5 Rd8 59. Rb3 Nb5 60. Re4 Kf5 61. Rd3 Nc7 62. Be1 g5 63. 
hxg5 hxg5 64. Bc3 Nd5 65. Re5+ Kg6 66. Rd1 Ne3+ 67. Rxe3 fxe3 68. Re1 Rd5 69. Rxe3 
Rf5 70. Be1 Rf4 71. Bg3 Rf5 72. Bd6 Kf6 73. Kd3 Rd5 74. Re4 Rf5 75. Ke3 Rd5 76. 
f4  1-0

[Event "ch-Frankfurt A"]
[White "Stulken, Dietmar"]
[Black "Zeyen, Helmut"]
[Site "Frankfurt"]
[Result "1-0"]
[Round "3.40"]
[WhiteElo "1306"]
[BlackElo "1845"]
[Date "2024.05.13"]
[PlyCount "300"]
[Time "18:30:00"]
[WhiteTeam "SF Frankfurt 1921"]
[BlackTeam "Wiesbadener SV 1885"]

1. d4 d5 2. c4 Nc6 3. Nf3 e5 4. Nxe5 Bb4+ 5. Nc3 Bxc3+ 6. bxc3 Nxe5 7. dxe5 dxc4 
8. Qxd8+ Kxd8 9. e4 Be6 10. Be3 b6 11. Rd1+ Kc8 12. f4 g6 13. Be2 h5 14. f5 gxf5 
15. exf5 Bxf5 16. Bxc4 Be6 17. Ba6+  1-0

[Event "ch-Frankfurt A"]
[White "Börsch, Dieter"]
[Black "Teichmann, Martin"]
[Site "Frankfurt"]
[Result "1-0"]
[Round "3.41"]
[WhiteElo "1764"]
[BlackElo "1329"]
[Date "2024.05.13"]
[PlyCount "300"]
[Time "18:30:00"]
[WhiteTeam "SK Bad Homburg 1927"]
[BlackTeam "SC 1922 Ketsch"]

1. d4 d5 2. c4 c6 3. Nf3 Bg4 4. Nc3 Nf6 5. Bg5 h6 6. Bh4 e6 7. Ne5 Bf5 8. e3 Nbd7 
9. cxd5 exd5 10. Bd3 Bxd3 11. Qxd3 Nxe5 12. dxe5 g5 13. exf6 gxh4 14. Qd4 Qb6 15. 
Qe5+ Kd7 16. O-O-O Bd6 17. Qf5+ Kc7 18. Rxd5 Rad8 19. Rhd1 Bb4 20. Na4 Qa6 21. Rd7+ 
Kb8 22. Qf4+ Ka8 23. Qxb4  1-0

[Event "ch-Frankfurt A"]
[White "Fredershausen, Kurt"]
[Black "Rauscher, Joachim"]
[Site "Frankfurt"]
[Result "0-1"]
[Round "3.42"]
[WhiteElo "1030"]
[BlackElo "1798"]
[Date "2024.05.13"]
[PlyCount "300"]
[Time "18:30:00"]
[WhiteTeam "SC Bad Soden"]
[BlackTeam "SC Brett vorm Kopp Ffm"]

1. d4 d5 2. c4 e6 3. e3 Nf6 4. Nc3 Be7 5. Nf3 O-O 6. Ne5 b6 7. Bd3 Bb7 8. Bd2 Nbd7 
9. Nf3 c5 10. Qc2 dxc4 11. Bxc4 cxd4 12. exd4 Rc8 13. Be2 Re8 14. Qa4 Bc6 15. Bb5 
Bxb5 16. Nxb5 a5 17. O-O Nf8 18. Rac1 Ng6 19. Rxc8 Qxc8 20. Na7 Qb7 21. Nb5 Rd8 
22. Rc1 Nd5 23. a3 h6 24. h3 Rc8 25. Rxc8+ Qxc8 26. Nc3 Ndf4 27. Qb5 Qb7 28. Bxf4 
Nxf4 29. Ne2 Nxh3+ 30. Kf1 Qe4 31. Qe8+ Bf8 32. Ne5 Qb1+ 33. Nc1 Qxc1+ 34. Ke2 Qc2+ 
35. Ke3 Qxf2+ 36. Kd3 Qf5+ 37. Kc4 Nf4 38. Kb5 f6 39. Qf7+ Kh7 40. Qxf8 fxe5 41. 
Qxf5+ exf5 42. dxe5 Nxg2 43. Kxb6 f4 44. e6 Kg8 45. Kc7 Ne3 46. Kd6 f3 47. e7 Nf5+ 
48. Ke6 Nxe7 49. Kxe7 f2 50. Kd6 f1Q 51. Kc5 h5 52. b4 axb4 53. Kxb4 h4 54. a4 Qa6 
55. Kb3 h3 56. Kb4 h2 57. a5 h1Q 58. Ka4 Qc4+  0-1

[Event "ch-Frankfurt A"]
[White "Stricker, Konstantin"]
[Black "Tepedibi, Tayfun"]
[Site "Frankfurt"]
[Result "1-0"]
[Round "3.43"]
[WhiteElo "1799"]
[BlackElo "1140"]
[Date "2024.05.13"]
[PlyCount "300"]
[Time "18:30:00"]
[WhiteTeam "SC Eschbach im Usinger Land"]
[BlackTeam "SAbt TuS Makkabi Ffm"]

1. e4 c6 2. d4 d5 3. Nc3 dxe4 4. Nxe4 Nf6 5. Nxf6+ exf6 6. Nf3 Bg4 7. c3 Be7 8. Bc4 
O-O 9. O-O b5 10. Bb3 a5 11. h3 Bh5 12. Re1 a4 13. Bc2 Bg6 14. Bxg6 hxg6 15. Bd2 
Nd7 16. Re2 Re8 17. Qc2 Bf8 18. Rae1 Rxe2 19. Rxe2 Nb6 20. b3 axb3 21. axb3 Qd7 
22. Re1 Nd5 23. c4 bxc4 24. bxc4 Ne7 25. Bb4 Nf5 26. Bxf8 Rxf8 27. Rd1 Rd8 28. Qb3 
Qa7 29. c5 Rd5 30. Qb2 Qa4 31. Ra1 Qb5 32. Qxb5 cxb5 33. Rb1 Nxd4 34. Nxd4 Rxd4 
35. Rxb5 Kf8 36. c6 Rc4 37. Rb8+ Ke7 38. Rb7+ Kd6 39. Rxf7 Rxc6 40. Rxg7 Ke5 41. 
Rxg6 Rc1+ 42. Kh2 f5 43. h4 f4 44. f3 Rc8 45. Kh3 Rc1 46. Kg4 Rc4  1-0

[Event "ch-Frankfurt A"]
[White "Leichum, Engelbert"]
[Black "Hafner, Hans-Peter"]
[Site "Frankfurt"]
[Result "1/2-1/2"]
[Round "3.44"]
[WhiteElo "1508"]
[BlackElo "1494"]
[Date "2024.05.13"]
[PlyCount "300"]
[Time "18:30:00"]
[WhiteTeam "vereinslos"]
[BlackTeam "Sfr.Mainz 1928"]

1. e4 c6 2. d4 d5 3. e5 Bf5 4. Bd3 Bxd3 5. Qxd3 e6 6. Nf3 c5 7. Nc3 c4 8. Qe2 Bb4 
9. O-O Ne7 10. a3 Bxc3 11. bxc3 O-O 12. Bg5 Nbc6 13. h3 Qa5 14. Qd2 Nf5 15. g4 Nfe7 
16. h4 h6 17. Bxh6 gxh6 18. Qxh6 Qxc3 19. Qg5+ Ng6 20. Qf6 Nxd4 21. Nxd4 Qxd4 22. 
Rae1 Qxg4+ 23. Kh1 Nxh4 24. Rg1 Qxg1+ 25. Rxg1+ Ng6 26. Rg2 Rad8 27. Qf3 b5 28. 
Qh5 Kg7 29. Kg1 d4 30. Qg5 d3 31. cxd3 Rxd3 32. Qf6+ Kg8 33. Rh2 c3  1/2-1/2